000 01267cam a22003135a 4500
001 L158266
002 19945
008 090109s2014 xxk f 001 0 eng d
020 _a9781482255225
022 1 _a0267-4181
035 _a(Sirsi) u158267
041 0 _aeng
050 0 4 _a712.3 $2 18
110 2 _aAECOM
245 0 0 _aSpon's external works and landscape price book
_b2015
250 _a34th ed.
260 _aLondon
_bCRC Press
_bTaylor and Francis
_c2015
300 _axxviii, 577p.
_c26cm.
350 _a140
505 2 _aGeneral -- Approximate estimates: major works -- Prices for measured works: major works -- Approximate estimates: minor works -- Prices for measured works: minor works -- Fees for professional services -- Rates of wages -- Daywork and prime cost -- Tables and memoranda
520 _aProvides a comprehensive source of information for detailed landscape and external works costs, covering all the items to be found in hard and soft landscape contracts. Includes new and revised Measured Works items.
520 _aSupersedes 33rd edition
521 _aAdvanced
590 _aKA
651 4 _aUnited Kingdom
_y
690 _aBUILT ENVIRONMENT-BUILDING COSTS
710 1 _aLandPro Ltd Landscape Surveyors
942 _n0
999 _c115233
_d115233